Corporate finance : (Record no. 47340)

MARC details
000 -LEADER
fixed length control field 00592nam a22001577a 4500
008 - FIXED-LENGTH DATA ELEMENTS--GENERAL INFORMATION
fixed length control field 161118b xxu||||| |||| 00| 0 eng d
020 ## - INTERNATIONAL STANDARD BOOK NUMBER
International Standard Book Number 9781285098166
050 ## - LIBRARY OF CONGRESS CALL NUMBER
Classification number HG4026
Item number .E37 2014
100 ## - MAIN ENTRY--PERSONAL NAME
Personal name Ehrhardt, Michael C.,
245 ## - TITLE STATEMENT
Title Corporate finance :
Remainder of title a focused approach /
Statement of responsibility, etc Eugene F. Brigham, University of Florida, Michael C. Ehrhardt,University of Tennessee
250 ## - EDITION STATEMENT
Edition statement sixth edition
260 ## - PUBLICATION, DISTRIBUTION, ETC. (IMPRINT)
Place of publication, distribution, etc Boston, MA :|b|
Name of publisher, distributor, etc Cengage Learning,
Date of publication, distribution, etc c2014
300 ## - PHYSICAL DESCRIPTION
Extent xvi, 846 pages :
Other physical details color illustrations, color charts ;
Dimensions 26cm
650 ## - SUBJECT ADDED ENTRY--TOPICAL TERM
Topical term or geographic name as entry element Corporations|xFinance
942 ## - ADDED ENTRY ELEMENTS (KOHA)
Source of classification or shelving scheme Library of Congress Classification
Item type Book
Holdings
Withdrawn status Lost status Source of classification or shelving scheme Damaged status Not for loan Collection code Home library Current library Shelving location Date acquired Source of acquisition Cost, normal purchase price Total Checkouts Full call number Barcode Date last borrowed Copy number Price effective from Koha item type
    Library of Congress Classification     Non-fiction Nairobi Campus Nairobi Campus General Circulation 18/11/2016 Donation 500.00 1 HG4026 .E37 2014 048549 24/10/2019 1 18/11/2016 Book